000 00558nam a2200193Ia 4500
003 GCL
008 140319s9999 xx 000 0 ara d
040 _aGCL /
_cGCL
082 0 4 _a028.7
_bع م
100 1 _aعباس لمع
245 1 0 _a250 سؤال وجواب /
_cعباس لمع
260 _a[S.N] :
_bالمؤسسة اللبنانية العربية للتوزيع ،
_c1989
300 _a159 ص
490 _a
650 0 4 _aالتثقيف الذاتى
650 0 4 _aالثقافة الذاتية
650 0 4 _aالمعرفة
942 _2ddc
_cBK
999 _c27608
_d27608